El arte de Assassin's Creed® III.
Bewaard in:
| Hoofdauteur: | |
|---|---|
| Andere auteurs: | |
| Formaat: | Boek |
| Gepubliceerd in: |
Madrid, España:
La Esfera de los Libros,
2013.
|
| Editie: | Primera edición. |
| Onderwerpen: | |
| Tags: |
Voeg label toe
Geen labels, Wees de eerste die dit record labelt!
|
MARC
| LEADER | 00000nam a22000007a 4500 | ||
|---|---|---|---|
| 003 | CL-VaPUC | ||
| 005 | 20250321101922.0 | ||
| 008 | 250116t2013 ||||| |||| 00| 0 eng d | ||
| 999 | |c 446569 |d 446567 | ||
| 020 | |a 978-84-9970-937-6 | ||
| 040 | |c Pontificia Universidad Católica de Valparaíso | ||
| 082 | |a 794.8 MCV 2013 | ||
| 100 | |9 895476 |a McVittie, Andy |e autor | ||
| 245 | |a El arte de Assassin's Creed® III. | ||
| 250 | |a Primera edición. | ||
| 260 | |a Madrid, España: |b La Esfera de los Libros, |c 2013. | ||
| 300 | |a 141 páginas: |b ilustraciones. | ||
| 500 | |a c.1-c.2 Instituto Arcos.08-01-2025. | ||
| 583 | |c 20250116 |k Gabriela Rodríguez Cuevas | ||
| 650 | 0 | |9 536738 |a Videojuegos |x Proceso creativo | |
| 650 | 0 | |9 389583 |a Libros ilustrados |x Videojuegos | |
| 700 | |9 895477 |a Hutchinson, Alex |e prólogo | ||
| 942 | |2 ddc |c BK |n 0 | ||
| 952 | |0 0 |1 0 |2 ddc |4 0 |6 794_800000000000000_MCV_2013 |7 0 |9 599430 |a BIBINC |b BIBINC |c GEN |d 2025-01-16 |e Instituto Arcos |i 5664193 |o 794.8 MCV 2013 |p 5664193 |r 2025-01-16 |t 1 |w 2025-01-16 |y BK |k IFP | ||
| 952 | |0 0 |1 0 |2 ddc |4 0 |6 794_800000000000000_MCV_2013 |7 0 |9 599432 |a BIBINC |b BIBINC |c GEN |d 2025-01-16 |e Instituto Arcos |i 5664194 |o 794.8 MCV 2013 |p 5664194 |r 2025-01-16 |t 2 |w 2025-01-16 |y BK |k IFP | ||